3 indices pour un film ayant un prénom féminin pour titre (1) - Statistiques

Statistiques générales
  • Ce quiz a été pris 73 fois
  • Le résultat moyen est 18 sur 55
Statistiques - réponses
Indice 1 Indice 2 Indice 3 Film Bonus % Correct
1 PRENOM Bush Moss Middleton Kate 2021
69%
1 PRENOM Flammarion Saint-Saens Claudel Camille 2019
68%
1 PRENOM Huppert Taylor Sissi Elizabeth | Elisabeth 1998
66%
1 PRENOM De Meaux De Beauharnais Baker Joséphine 2016/2013
66%
1 PRENOM Marshall D'Angleterre Thatcher Margaret 2011
66%
1 PRENOM De Valois Duras Yourcenar Marguerite 2015
66%
1 PRENOM Drouet Binoche Benzoni Juliette 2013
65%
1 PRENOM Capitale Coppola Essaïdi Sofia 2018
65%
1 PRENOM Soubirous Chirac Lafont Bernadette 1988/2003
63%
1 PRENOM Persiani Cottençon Ardant Fanny 1932
63%
1 PRENOM Gaurin Roland Lescaut Manon 1949
63%
1 PRENOM Dumas Mathieu Darc Mireille 1933
63%
1 PRENOM Arron Bravo Lagarde Christine 1983/1958
61%
1 PRENOM Landsbury Merkel Davis Angela 1977
60%
1 PRENOM Célarié Oh my darling... Agrume Clémentine 2020
58%
1 PRENOM Sarraute Wood Baye Nathalie 2003/1957
58%
1 PRENOM Haudepin Paturel Azéma Sabine 1993
53%
1 PRENOM Héroïne de Zola D'Avila De Lisieux Thérèse 1986
53%
1 PRENOM Chanteuse Burki Du Maurier Daphné 2017
50%
1 PRENOM Hees Hurtis Robin Muriel 1994
50%
1 PRENOM Morano Gordimer Trintignant Nadine 1987
50%
1 PRENOM Harper Cody Minnelli Liza 1972
45%
1 PRENOM Laguiller Bathiat De Falaise Arlette 1997
44%
1 PRENOM Greer Chicago Garland Judy 2019
44%
1 PRENOM Lear Coetzer Qui est aimée Amanda 2018
40%
2 PRENOMS Merini Vierge A l'italienne Presque choisi par Verdi Ave... {Alda} & {Maria} 2015
39%
1 PRENOM De Castille Note Dubois Blanche 2002/1972
35%
1 PRENOM Frain Papas Curie Irène 2009
32%
2 PRENOMS Arbuste taillé Angeli Moss Ruggieri Kedrova 1ère femme {Lila} & {Eve} 2015
29%
1 PRENOM Roy Cresswell Héroïne des 1000 et 1 nuits Jasmine 2013
26%
1 PRENOM Labé Weiss De La Vallière Louise 2015/1939
26%
1 PRENOM Albright Robinson Renaud Madeleine 1950
21%
1 PRENOM Marquise D'Estrées Kidjo Angélique 2013
19%
1 PRENOM Smith Abdul Delsol Paula 2016
19%
1 PRENOM Portugal Vierge Prédictions Fatima 2015
18%
2 PRENOMS Au gingembre Bonheur Héros de Jidéhem Luxemburg Album de Roussel Parks {Ginger} & {Rosa} 2012
15%
1 PRENOM Malraux Schumann Haskil Clara 2009
11%
1 PRENOM Miranda Carven Mérimée Carmen 1984
10%
1 PRENOM Héroïne de Vian Delaume Westerlynck Chloé 2009/1996
10%
1 PRENOM Reynaud Jansen Boissard Janine 1962
10%
1 PRENOM Impératrice Kazan Shepard Zoe 2018
10%
1 PRENOM Lake Roth Cartwright Véronica 2018
8%
1 PRENOM Lumley Garcia Rays Joanna 2010
6%
1 PRENOM Boulanger StCyr Krauss Lili 1953
6%
1 PRENOM Héroïne de Carné McCarthy Clève Jenny 1936
5%
1 PRENOM Lawson Ahn Gneto Priscilla 2023
5%
1 PRENOM Guerreiro Aznavour Krafft Katia 1938
3%
1 PRENOM McGraw Dillon Clarke Melinda 1970
3%
1 PRENOM Black West Hall Rebecca 1940
3%
1 PRENOM Du Latium Brooks Patterson Romaine 1997
3%
1 PRENOM Farmer Cobain Fisher Frances 1982
2%
1 PRENOM Gray Lombardo Héroïne de Vidor Gilda 1946
2%
1 PRENOM Day Baiz Bruce Josette 1937
2%
1 PRENOM Moedl Graham Washington Martha 1974
0%
1 PRENOM Automobile Dubois Levasseur Rosalie 2023
0%
Aucun quiz correspondant
Distribution des résultats
% des personnes avec chaque résultat
Percentile par nombre de réponses
Votre historique - résultats
Vous n’avez pas pris ce quiz